000 00309nam a2200097Ia 4500
008 200619s9999 xx 000 0 und d
020 _a978-0-13-212954-1
245 _aBtec level 4/5 hnc in computing and systems development/
260 _aUnited Kingdom :
_bPearson Education Limited
_c2011
300 _a338 pages
999 _c363715
_d363715